More of the best of Bon appétit.

Bibliographic Details
Format: Book
Language:English
Published: Los Angeles : Knapp Press, [1984]
Subjects:

MARC

Tag First Indicator Second Indicator Subfields
LEADER 00000pam a2200000 a 4500
001 in00002425504
005 20190207101319.0
008 840619s1984 caua 001 0 eng
010 |a  84014368  
020 |a 0895351366 
020 |a 9780895351364 
029 1 |a AU@  |b 000003285347 
035 |a (OCoLC)ocm10925098 
035 |a (OCoLC)10925098 
040 |a DLC  |c DLC  |d BTCTA  |d BAKER  |d YDXCP  |d TXA  |d UtOrBLW 
049 |a TXAM 
050 0 0 |a TX725.A1  |b M67 1984 
082 0 |a 641.5  |2 19 
245 0 0 |a More of the best of Bon appétit. 
264 1 |a Los Angeles :  |b Knapp Press,  |c [1984] 
264 4 |c ©1984 
300 |a vii, 231 pages :  |b color illustrations ;  |c 28 cm. 
336 |a text  |b txt  |2 rdacontent 
337 |a unmediated  |b n  |2 rdamedia 
338 |a volume  |b nc  |2 rdacarrier 
500 |a The Cushing Library/Chapman Texas Collection copy is part of the Floyd & Louise Chapman Texas & Borderlands Collection.  |5 TXA 
500 |a Includes index. 
500 |a "The Texas Cookbook Collection." 
536 |a The Cushing Library/Texas & Borderlands copy was donated by Bonnie and John Kamenar. 
650 0 |a International cooking. 
650 0 |a Cooking, American. 
730 0 |a Bon appétit. 
938 |a Baker and Taylor  |b BTCP  |n 84014368 
938 |a Baker & Taylor  |b BKTY  |c 25.00  |d 22.50  |i 0895351366  |n 0000879672  |s active 
938 |a YBP Library Services  |b YANK  |n 1011233 
948 |a cataloged  |b h  |c 2008/11/6  |d c  |e ceaton  |f 11:08:20 am 
994 |a C0  |b TXA 
999 |a MARS 
999 f f |s 688cc389-7f36-3125-b558-efcae2d21eab  |i 266e1ee3-93f4-3025-b57e-27e0731d141f  |t 0 
952 f f |p noncirc  |a Texas A&M University  |b College Station  |c Cushing Memorial Library & Archives  |d Cushing: Chapman Texas Collection (Does not check out)  |t 0  |e TX725.A1 M67 1984  |h Library of Congress classification  |i unmediated -- volume 
998 f f |a TX725.A1 M67 1984  |t 0  |l Cushing: Chapman Texas Collection (Does not check out)